Statistics for First Names of Recent World Leaders

Click here to take the quiz!

General Stats

  • This quiz has been taken 14,430 times
  • The average score is 14 of 22

Answer Stats

First Name Last Name % Correct
DonaldTrump
99%
BarackObama
97%
FidelCastro
95%
VladimirPutin
94%
AngelaMerkel
92%
TheresaMay
87%
TonyBlair
85%
JustinTrudeau
81%
BenjaminNetanyahu
69%
HugoChavez
66%
FrançoisHollande
64%
RobertMugabe
58%
KofiAnnan
57%
RaúlCastro
54%
SilvioBerlusconi
52%
MuammarGaddafi
51%
ShinzōAbe
36%
JacobZuma
32%
DilmaRousseff
28%
JuliaGillard
23%
RodrigoDuterte
22%
MahmoudAhmadinejad
20%

Score Distribution

Percentile by Number Answered

Percent of People with Each Score

Your Score History

You have not taken this quiz